000
00265nam a22001097a 4500
082
_a
629.1323 POP'L
100
_a
HARPER, JOHN J,POPE, ALAM
_9
78325
245
_a
LOW SPEED WIND TUNNEL TESTING
260
_a
NEWYORK
_b
JOHN WILEY
_c
1966
300
_a
457P
942
_c
BK
999
_c
583467
_d
583467